All (English Speaking) Drag Race Lipsync Songs! - Statistics

General Stats
  • This quiz has been taken 105 times
    40 since last reset
  • The average score is 153 of 485
Answer Stats
Queens Answer % Correct
Ben Dela Creme vs Darienne Lake | Ongina vs Bebe Zahara Benet | Peppermint vs Trinity Taylor Stronger
87%
Nina Flowers vs Bebe Zahara Benet | Shangela vs Sahara Davenport Cover Girl
83%
Sonique vs Morgan McMichaels Two of Hearts
83%
Nearah Nuff vs Aurora Matrix | Sahara Davenport vs Jujubee Black Velvet
78%
Delta Work vs Phoenix Bad Romance
74%
Tyra Sanchez vs Raven Jealous of My Boogie
74%
Janey Jacke vs Jimbo | Porkchop vs Akashia Supermodel
74%
Kenya Michaels vs Milan Vogue
74%
Raja vs Manila Luzon Champion
70%
Dusty Ray Bottoms vs Monet X Change Pound the Alarm
70%
Jiggly Caliente vs Alisa Summers Toxic
70%
Sharon Needles vs Phi Phi Ohara It's Raining Men
65%
Dax Exclamation Point vs Laila McQueen I Will Survive
65%
Honey Mahogany vs Vivienne Pinay Oops! I did it again
65%
Ben Dela Creme vs Darienne Lake Point of no Return
65%
Silky NG vs Yara Sofia Point Of No Return
65%
Tatianna vs Alyssa Edwards Shut up and Drive
65%
Adore vs Bianca vs Courtney vs Darienne | Latrice Royale vs Monique Heart Sissy that Walk
65%
Sasha Velour vs Shea Coulee So Emotional
65%
The Princess vs Dida Ritz This Will Be
65%
Adore Delano vs Trinity K Bonet Vibeology
65%
Aja vs Ben Dela Creme Anaconda
61%
Trinity K Bonet vs April Carrion I'm Every Woman
61%
Shannel vs Vanessa Vanjie Mateo Im Every Woman
61%
Jade Jolie vs Coco Montrese I'm so Excited
61%
Manila Luzon vs Delta Work MacArthur Park
61%
Alexis Michelle vs Peppermint Macho Man
61%
Raven vs Nicole Paige Brooks My Lovin'
61%
Angeria Paris VanMichaels vs Gottmik My Lovin
61%
Asia Ohara vs Kameron Michaels | Manila Luzon vs Jujubee Nasty
61%
Olivia Lux vs Denali | Shannel vs Rebecca Glasscock Shackles
61%
Brooke Lynn Hytes vs Yvie Oddly Sorry not Sorry
61%
Raja vs Carmen Carrera Straight Up
61%
Gia Gunn vs Naomi Smalls Adrenaline
57%
Jiggly Caliente vs Milan Born This Way
57%
Alyssa Edwards vs Coco Montrese Cold Hearted
57%
Raven vs Jujubee Dancing on my Own
57%
Aja vs Nina Bonina Brown | Anetra vs Jax Finally
57%
Nina Bonina Brown vs Valentina Greedy
57%
Aquaria vs Eureka If
57%
Derrick Barry vs Robbie Turner I love it
57%
Maddy Morphosis vs June Jambalaya I Love It
57%
Blair St Clair vs The Vixen I'm Coming out
57%
Monet X Change vs Valentina Into You
57%
Farrah Moan vs Valentina Kitty Girl
57%
Kennedy Davenport vs Katya Roar
57%
Lala Ri vs Denali | Monica Beverly Hillz vs Coco Montrese | Vanessa Vanjie Mateo vs Plastique Tiara When I Grow Up
57%
Roxxxy Andrews vs Alyssa Edwards Whip my Hair
57%
Kennedy Davenport vs Trixie Mattel Wrecking Ball
57%
Bob the Drag Queen vs Derrick Barry You Make Me Feel
57%
Laila McQueen vs Naysha Lopez Applause
52%
Aquaria vs Eureka vs Kameron Bang Bang
52%
Chi Chi Devayne vs Naysha Lopez Call Me
52%
Sahara Davenport vs Morgan McMichaels Carry On
52%
Sharon vs Phi Phi vs Chad Glamazon
52%
Jessica Wild vs Tatianna He's the Greatest Dancer
52%
Shangela vs Ben Dela Creme I Kissed a Girl
52%
Shangela vs Ben Dela Creme Jump
52%
Stacy Layne Matthews vs Alexis Mateo Knock on Wood
52%
Sasha Colby vs Anetra Knock On Wood
52%
Cynthia Lee Fontaine vs Peppermint Music
52%
Latrice Royale vs Kenya Michaels Natural Woman
52%
Silky Nutmeg Ganache vs Nina West No Scrubs
52%
Serena Cha Cha vs Monica Beverly Hillz Only Girl (in the world)
52%
Serena Cha Cha vs Penny Tration Party in the USA
52%
Bob vs Naomi vs Kim vs Chi Chi The Realness
52%
Luxx vs Anetra vs Jax | Venus D-Lite vs Shangela The Right Stuff
52%
Tammie Brown vs Akashia We break the dawn
52%
Milk vs Trinity K Bonet Whatta Man
52%
Jade vs Rebecca Glasscock Would I Lie to You?
52%
Vinegar Strokes vs Sum Ting Wong Would I Lie to You
52%
Chi Chi Devayne vs Thorgy Thor And I am Telling You I'm not going
48%
Jaidynn Diore Fierce vs Kandy Ho | Roxxxy Andrews vs Shannel Break Free
48%
Monet X Change vs Kameron Michaels Good as Hell
48%
Jaida EH vs Trinity TT | Kennedy Davenport vs Ben Dela Creme Green Light
48%
Asia Ohara vs The Vixen Groove is in the Heart
48%
Roxxxy Andrews vs Angeria Paris VanMichaels Groove Is In The Heart
48%
Aja vs Kimora Blacc Holding out for a Hero
48%
Rita Menu vs Ivanna Drink | Roxxxy Andrews vs Jorgeous Holding Out For A Hero
48%
Jasmine Masters vs Trinity the Tuck Peanut Butter
48%
Kita vs Scarlet vs Karen vs Art | Laganja Estranja vs Trinity K Bonet Physical
48%
Roxxxy Andrews vs Tatianna Shake it Off
48%
Gigi Goode vs Widow Von Du Starships
48%
Alaska vs Jinkx vs Roxxxy The Beginning
48%
Bebe Zahara Benet vs Trixie Mattel The Boss
48%
Shannel vs Akashia The Greatest Love of All
48%
Kahanna Montrese vs Mercedes Iman D | Kandy Muse vs Rose Work Bitch
48%
Amethyst vs Irene Dubois 7 Rings
43%
Silky NG (solo) Barbie Girl
43%
Kahanna Montrese vs Soju Best of Both Worlds
43%
Morphine Love Dion vs Dawn Body
43%
Symone vs Kandy Muse Boss
43%
Nina Bonina Brown vs Shea Coulee Cool for the Summer
43%
Raven vs Yarlexis Don't Cha
43%
Yvie Oddly vs Brooke Lynn Hytes Edge of Glory
43%
Monique Heart vs Trinity the Tuck Emotions
43%
Shangela vs Alexis Mateo Even Angels
43%
Monet X Change vs Trinity the Tuck Fighter
43%
Rita Baga vs Victoria Scone Freak
43%
Manila Luzon vs Trinity the Tuck How will I Know
43%
Sasha Velour vs Peppermint It's Not Right but it's Okay
43%
Trinity Taylor vs Charlie Hides I Wanna Go
43%
Rajah Ohara vs Scarlet Envy Last Dance
43%
Katya vs Alaska Le Freak
43%
Brita vs Aiden Zhane Let it Go
43%
Blu Hydrangea vs Baga Chipz Let It Go
43%
India Ferrah vs Yvie Oddly Livin La Vida Loca
43%
Mayhem Miller vs Monet X Change Man! I Feel like a Woman
43%
India Ferrah vs Stacy Layne Matthews Meeting in the Ladies Room
43%
Eureka vs Kameron Michaels New Attitude
43%
Miz Cracker vs Roxxxy Andrews One Last Time
43%
Nymphia Wind vs Sapphira Cristal Padam Padam
43%
Raven vs Chad Michaels Responsitrannity
43%
April Carrion vs Vivacious Shake it Up
43%
Pandora Boxx vs Jujubee Shake your Love
43%
Brita vs Rock M Sakura S&M
43%
Laganja Estranja vs Joslyn Fox Stupid Girls
43%
Crystal vs Gigi vs Jaida Survivor
43%
Detox vs Lineysha Sparx Take me Home
43%
Gigi Goode Take on ME
43%
Detox vs Alyssa Edwards Tell it to my Heart
43%
Mistress IB vs Jax Tell It To My Heart
43%
Miz Cracker vs Morgan McMichaels Where have you been
43%
Jessica Wild vs Jan Womanizer
43%
Cynthia Lee Fontaine vs Farrah Moan Woman Up
43%
Shangela vs Carmen Carrera Believe
39%
Mhiya Iman LePaige vs Plasma Bloody Mary
39%
Brooke Lynn Hytes vs Silky Nutmeg G Bootylicious
39%
Anetra vs Marcia x3 Boss Bitch
39%
Jaida Essence Hall vs SP Call Your Girlfriend
39%
Acid Betty vs Naomi Smalls Causing a Commotion
39%
Katya vs Alaska Cherry Bomb
39%
Monet X Change vs Naomi Smalls Come Rain or Come Shine
39%
Monique Heart vs The Vixen Cut to the Feeling
39%
Geneva Karr vs Mirage Dark Lady
39%
Vivacious vs Kelly Mantle Express Yourself
39%
Lala Ri vs Joey Jay | Miz Cracker vs Kennedy Davenport Fancy
39%
Jackie Cox vs Widow Von Du Firework
39%
Shangela vs Trixie Mattel Freaky Money
39%
Ariel Versace vs Shuga Cain I'm Your Baby Tonight
39%
Angeria Paris VanMIchaels vs Nina West | Mrs Kasha Davis vs Kandy Ho Lovergirl
39%
Utica vs Tina Burner My Humps
39%
Shea Coulee vs Monet X Change Old McDonald
39%
Jorgeous vs Angeria vs Camden Radio
39%
Kylie vs Ginger vs Rajah vs Eureka Stupid Love
39%
Jinkx Monsoon vs Monet X Change Swish Swish
39%
Angeria vs Willow Pill Telephone
39%
Yara Sofia vs Coco Montrese Uptown Funk
39%
Blu Hydrangea vs Scaredy Kat Venus
39%
The 6 way lipsync Waiting for Tonight
39%
Denali vs Kahmora Hall 100% Pure Love
35%
Jaida Essence Hall vs Heidi N Closet 1999
35%
Vanjie Mateo vs Kalorie Karbdashian Ain't no Other Man
35%
Angeria Paris VanMichaels vs Plastique Tiara | Denali vs Lala Ri Be My Lover
35%
Kameron Michaels vs Rajah Ohara Boom Clap
35%
Ginger vs Violet vs Pearl vs Kennedy | Icesis Couture vs Pythia Born Naked
35%
Symone vs Olivia Lux Break my Heart
35%
Sapphira Cristal vs Q Break My Soul
35%
Aquaria vs Asia vs Eureka vs Kameron Call me Mother
35%
Pythia vs Gia Metric Call Me Mother
35%
Kylie Sonique Love vs Manila Luzon Dirrty
35%
India Ferrah vs Mimi Imfurst Don't Leave Me This Way
35%
Tia Kofi vs Joe Black Don't Leave me this way
35%
Mhiya Iman LePaige vs Megami Flowers
35%
Silky NG vs Pandora Boxx Focus
35%
Willow Pill vs Lady Camden Gimme Gimme Gimme
35%
Gottmik vs Symone Gimme More
35%
Jaida Essence Hall vs Eureka Good Golly Miss Molly
35%
Phi Phi Ohara vs Alaska Got to be Real
35%
Jasmine Kennedie vs Jimbo | Krystal Versace vs Vanity Milan Hallucinate
35%
Silky NG vs Jan Heartbreaker
35%
Alaska vs Detox vs Katya If I Were Your Woman
35%
Mystique Summers Madison vs Raven I Hear You Knockin'
35%
Sasha Colby vs Anetra Im In Love With a Monster
35%
Icesis vs Pythia vs Kendall Its All Coming Back to me Now
35%
Salina Estitties vs Luxx NL Its All Coming Back To Me Now
35%
Morphine Love Dion vs Xunami Muse I Wanna Dance With Somebody
35%
Jasmine Masters vs Kennedy Davenport I was Gonna Cancel
35%
Jinkx Monsoon vs Shea Coulee Judas
35%
Jujubee vs Monet X Change Juice
35%
Jackie Cox vs Heidi N Closet Kill the Lights
35%
Tina vs Elliott vs Kahmora Lady Marmalade
35%
Jaymes Mansfield vs Kimora Blacc Love Shack
35%
Jinkx Monsoon vs Detox Malambo No1
35%
Yara Sofia vs Carmen Carrera Mickey
35%
Miz Cracker vs Kameron Michaels Nasty Girl
35%
Vinegar Strokes vs Gothy Kendoll New Rules
35%
Symone vs Utica No Tears Left to Cry
35%
Crystal Methyd vs Jackie Cox On the Floor
35%
Ginger Minj vs Mayhem Miller Phone
35%
Nicky Doll vs Dahlia Sin Problem
35%
Salina Estitties vs Amethyst Q.U.E.E.N
35%
Plane Jane vs Geneva Karr Shower
35%
Salina Estitties vs Malaysia BF Single Ladies
35%
Akeria C Davenport vs Yvie Oddly SOS
35%
Monet X Change vs Trinity TT So What
35%
Detox vs Katya Step it Up
35%
Raja vs The Vivienne Super Freak
35%
Blu Hydrangea vs Monique Heart | Shea Coulee vs Monet X Change Supernova
35%
Tammie Brown vs Latrice Royale There's no Business like Show Business
35%
Joslyn Fox vs Adore Delano Think
35%
Latrice Royale vs Trinity the Tuck You Spin me Round
35%
Shannel vs Nina West You Spin Me Round
35%
Amethyst vs Princess Poppy Aint No Mountain High Enough
30%
Farrah Moan vs Alexis Michelle Baby I'm Burnin'
30%
Kandy Muse vs Joey Jay Call Me Maybe
30%
Jessica Wild vs Rajah Ohara Coconuts
30%
Deja Skye vs Daya Betty Fallin
30%
Aja vs Kahanna Montrese Freakum Dress
30%
Jiggly Caliente vs Serena Cha Cha Free Your Mind
30%
Synthia Kiss vs Stephanie Prince Ghost
30%
Tynomi Banks vs Ilona Verley Girlfriend
30%
Daya Betty vs Jorgeous vs Deja Skye Good 4 U
30%
Heidi N Closet vs Nicky Doll Heart to Break
30%
Kiara vs Priyanka I Drove all Night
30%
Denali vs Rose If U Seek Amy
30%
Yara Sofia vs Alexis Mateo I Think About You
30%
Ginger (+Sasha) vs Jaidynn (+Tempest) I Think We're Alone Now
30%
Detox vs Coco Montrese It Takes Two
30%
Latrice Royale vs Dida Ritz I've Got to Use my Imagination
30%
Manila Luzon vs Monet X Change Jump to It
30%
Merecedes Iman D vs Rajah Ohara Living in America
30%
Shea vs Cracker vs Jujubee Make me Feel
30%
Tayce vs Cherry Valentine Memories
30%
Mhiya vs Plasma vs Xunami Milkshake
30%
Jiggly Caliente vs Willam Mi Vida Loca
30%
Jorgeous vs Orion Story My Head and My Heart
30%
Willow Pill vs Bosco Never Too Much
30%
Lady Camden vs Daya Betty One Way Or Another
30%
Pearl vs Miss Fame Really Don't Care
30%
Loosey Laduca vs Salina Estitties Running Up That Hill
30%
Ginger Minj vs Trixie Mattel Show me Love
30%
Tatianna vs Jujubee Something He Can Feel
30%
Jasmine Kennedy vs Maddy Morphosis Suga Mama
30%
Ginger Minj vs Heidi N Closet Sugar Walls
30%
Jax vs Aura Mayari Sweetest Pie
30%
Salina Estitties vs Spice Thats What I Want
30%
Madame LaQueer vs Milan Trouble
30%
Sasha Belle vs Katya Twist of Fate
30%
Lala Ri vs Jorgeous About Damn Time
26%
Tynomi Banks vs Anastarzia Anaquay Absolutely Not
26%
The Princess vs Lashauwn Beyond Bad Girls
26%
Gottmik vs Nina West Banana
26%
Jinks Monsoon vs Raja Better In Colour
26%
Scarlett Harlett vs Charity Kase Big Spender
26%
Roxxxy Andrews vs Vanessa Vanjie Mateo Black Cat
26%
Marciax3 vs Malaysia BF Boys Dont Cry
26%
Brita vs Heidi N Closet Burnin Up
26%
Cheryl Hole vs Blu Hydrangea Call my Name
26%
Mayhem Miller vs Yuhua Hamasaki Celebrity Skin
26%
Monique Heart vs Baga Chipz Domino
26%
Malaysia BF vs Spice Dont Go Yet
26%
Q vs Amanda Tori Meating Emergency
26%
Rose vs Olivia Lux Ex's and Oh's
26%
Utica vs Elliot with 2TS Fascinated
26%
Jimbo vs Silky NG Freak-a-Zoid
26%
Tempest Dujour vs Kandy Ho Geronimo
26%
Spankie Jackson vs Faux Fur Get Outta My Way
26%
Silky NG vs Jiggly Caliente Girls Just Wanna Have Fun
26%
Tamisha Iman vs Kandy Muse Hit em up Style
26%
Crystal Methyd I'm Like a Bird
26%
Juice Boxx vs Lemon I Really Like You
26%
Shea Coulee vs Alyssa Edwards Neutron Dance
26%
Bebe Zahara Benet vs Ben Dela Creme | Silky NG vs Victoria Scone Nobody's Supposed to be Here
26%
Chad Michaels vs Mimi Imfurst Opposites Attract
26%
Kerri Colby vs Alyssa Hunter Play
26%
Brooke Lynn Hytes vs Vanjie Mateo Pride
26%
Daya Betty vs Jasmine Kennedy Respect
26%
Jinkx Monsoon vs Trinity TT Rumour Has It
26%
Gottmik vs Utica Rumours
26%
Jasmine Kennedy vs Jorgeous Somethings Got a Hold On Me
26%
Silky NG vs Scarlet Envy Song for the Lonely
26%
Kandy Muse vs Olivia Lux Strong Enough
26%
Elektra Fence vs Anubis Finch Sweet Melody
26%
Bosco vs Jasmine Kennedy Swept Away
26%
Megami vs Amanda Tori Meating The Shoop Shoop Song
26%
Widow Von Du vs Jan This is my Night
26%
Symone vs Kandy Muse Til the World Ends
26%
Krystal Versace vs Victoria Scone Total Eclipse of the Heart
26%
Elektra Shock vs Jojo Zaho Tragedy
26%
Darienne Lake vs Magnolia Crawford Turn the Beat Around
26%
June Jambalaya vs Orion Story Water Me
26%
Monique Heart vs Trinity the Tuck When I Think of You
26%
Charity Kase vs Scarlett Harlett Who Do You Think You Are
26%
Lala Ri vs Elliot with 2Ts Whole Lotta Woman
26%
The Vivienne vs Yvie Oddly Why'd You Come In Here Looking Like That
26%
Jonbers Blonde vs Starlet About You Now
22%
Molly Poppins vs Yuri Guaii Chains
22%
Lady Camden vs Bosco Dont Let Go
22%
Tia Kofi vs Asttina Mandella Don't Start Now
22%
Trixie Mattel vs Pearl Dreaming
22%
Jaida Essence Hall Get Up
22%
Kandy vs Symone vs Gottmik vs Rose I Learned from the Best
22%
Hannah Conda vs Marina Summers Im Outta Love
22%
Tayce vs Bimini vs Lawrence I'm Still Standing
22%
Gottmik vs Plastique Tiara Jump In The Line
22%
Jinkx Monsoon vs Trinity TT Kings and Queens
22%
Raja vs Jaida EH Lets Hear It For the Boy
22%
Gia Metric vs Beth Maneater
22%
Robbie Turner vs Cynthia Lee Fontaine Mesmerized
22%
Rajah Ohara vs Brooke Lynn Hytes Miss You Much
22%
Vanity Milan vs Elektra Fence Movin On Up
22%
Shea Coulee vs Vanjie Mateo Open your Heart
22%
The Vivienne vs Crystal Power
22%
Yvie Oddly vs The Vivieene Push It
22%
Jaymes Mansfield vs Lala Ri Rain On Me
22%
Pangina Heals vs Jimbo Say You'll Be There
22%
Vanity Milan vs Scarlett Harlett Scandalous
22%
Elektra Shock vs Coco Jumbo Shake your Groove Thing
22%
Pangina Heals vs Jimbo She Bop
22%
River Medway vs Choriza May Shout
22%
Eureka vs Silky NG Since U Been Gone
22%
Sum Ting Wong vs Crystal Spice up your Life
22%
Akeria C Davenport vs Rajah Ohara Strut
22%
Cheryl Hole vs Baga Chips Tears Dry on their Own
22%
Manila Luzon vs Monique Heart The Bitch is Back
22%
Tamisha Iman vs Symone The Pleasure Principle
22%
Jasmine Kennedy vs Kerri Colby Unbreak My Heart
22%
Peppermint vs Trinity vs Shea vs Sasha U Wear it Well
22%
Pangina Heals vs Janey Jacke We Like To Party
22%
Anetra vs Mistress IB When Love Takes Over
22%
Lemon vs Rita Baga You Oughta Know
22%
Maxi Shield vs Etc Etc Absolutely Everybody
17%
Alyssa Edwards vs Ivy Winters Ain't Nothing Going on but the Rent
17%
Mirage vs Hershii Liquor Jete Alone 2.0
17%
Black Peppa vs Pixie Polite Another One Bites the Dust
17%
Eureka vs Kalorie Karbdashian Best of my Love
17%
Scarlet Adams vs Maxi Shield Better the Devil You Know
17%
Vanity Milan vs Rita Baga Brand New Bitch
17%
Jimbo vs Rita Baga Closer
17%
Beverly Kills vs Minnie Cooper Dance In The Dark
17%
Ivory Glaze vs Amyl Down Under
17%
La Grande Dame vs Keta Minaj Everytime We Touch
17%
Luxx Noir London vs Loosey Laduca For The Girls
17%
Eve 6000 vs Suki Doll Happiness
17%
Gia Gunn vs Laganja Estranja Head to Toe
17%
Jorgeous vs Bosco Heartbreak Hotel
17%
Plastique Tiara vs Vanjie Mateo Hood Boy
17%
Miss Naomi Carter vs Alexis SP Hot In It
17%
Coco Jumbo vs Art Simone I'm That Bitch
17%
Divina De Campo vs The Vivienne I'm Your Man
17%
Trinity TT vs Jaida EH I Want Love
17%
Priyanka vs Kandy Muse Jumpin Jumpin
17%
Sapphira Cristal vs Morphine Love Dion Made You Look
17%
Geneva Karr vs Hershii Liquor Jete Maybe You’re The Problem
17%
Rita Menu vs Ivory Glaze Murder On The Dancefloor
17%
Latrice Royale vs Chad Michaels No One Else on Earth
17%
Joe Black vs Bimini Bon Boulash Relax
17%
Marina Summers vs Hannah Conda Release Me
17%
Kimmy Couture vs Lady Boom Boom Run Away With Me
17%
Raja vs Yvie Oddly Sisters Are Doing it for Themselves
17%
Icesis Couture vs Rajah Ohara Sk8er Boi
17%
Black Peppa vs Le Fil Stop
17%
Monet X Change vs Jinkx Monsoon The Night the Lights Went Out in Georgia
17%
Alexis Michelle vs Nicky Doll These Boots Were Made For Walking
17%
Jujubee vs Monique Heart Toy
17%
Kita Mean vs Elektra Shock Untouched
17%
Spankie vs Kween vs Hannah Wow
17%
Spice vs Sugar You Better Run
17%
Tia Kofi vs Hannah Conda Your Disco Needs You
17%
Gabriella Labucci vs Bumpa Love Are You Gonna Be My Girl
13%
Shannel vs Jimbo Bad Reputation
13%
Nearah Nuff vs Aimee Yonce Shannel Come Through
13%
Mhiya Iman LePaige vs Geneva Karr Control
13%
Kimmy Couture vs Vivian Vanderpuss CTRL + ALT + DEL
13%
Morphine Love Dion vs Mhiya Iman LePaige Dim All The Lights
13%
Rajah Ohara vs Victoria Scone Do It
13%
Hannah Conda vs Tia Kofi Euphoria
13%
Gia Metric vs Kimora Amour Get Down
13%
Morphine Love Dion vs Megami Gonna Make You Sweat
13%
Priyanka vs Ilona Verley Hello
13%
Kween Kong vs Aubrey Haive I Touch Myself
13%
Tayce vs Ellie Diamond Last Thing on my Mind
13%
Dakota Schiffer vs Just May Let Them Know
13%
Delta Work vs Mariah Balenciaga Looking for a New Love
13%
Angeria vs Jasmine Kennedy Love Dont Cost a Thing
13%
Kendall Gender vs Gia Metric Main Event
13%
Morphine Love Dion vs Geneva Karr Million Dollar Baby
13%
Angeria Paris VanMichaels vs Jorgeous Million Dollar Bill
13%
Shuga Cain vs Vanjie Mateo No More Drama
13%
Max vs Jaidynn Diore Fierce No More Lies
13%
Roxxxy Andrews vs Plastique Tiara No One Gets The Prize
13%
Gabriella Labucci vs Hollywould Star Not About You
13%
Dakota Schiffer vs Baby No Way
13%
Baby vs Sminty Drop Respectable
13%
Rajah Ohara vs Silky NG River Deep, Mountain High
13%
BOA vs Ilona Verley Scars to your Beautiful
13%
Beverly Kills vs Pomara Fifth Star Struck
13%
Blu Hydrangea vs Jujubee The Reflex
13%
Isis Avis Loren vs Gabriella Labucci Walking On Broken Glass
13%
Megami vs Mhiya Iman LePaige We Got The Beat
13%
Sister Sister vs Ginny Lemon You Keep me Hangin on
13%
Miss Moco vs Halal Bae Beauty and the Beat
9%
Amanda Tori Meating vs Dawn Damaged
9%
Alexis Mateo vs Trinity K Bonet Dance Again
9%
Tayce vs Sister Sister Don't Be So Hard on Yourself
9%
Jimbo vs Kandy Muse Do You Wanna Funk
9%
Loosey Laduca vs Spice Do You Wanna Touch Me
9%
Icesis Couture vs Adriana Everybody Say Love
9%
Hannah Conda vs Molly Poppins Heartbreak in the City
9%
Jada S Hudson vs Miss Moco High School Confidential
9%
Bumpa Love vs Ashley Madison Hot N Cold
9%
Karen from Finance vs Anita Wiglit I Begin to Wonder
9%
DeDeLicious vs Banksie I Dreamed A Dream
9%
Tynomi Banks vs Kyne If You Could Read My Mind
9%
Kandy Muse vs Angeria Paris VM I’m Not Perfect But I’m Perfect For You
9%
Jax vs Robin Fierce In Your Room
9%
Sapphira Cristal vs Morphine Love Dion Miss Me More
9%
Vicki Vivacious vs Cara Melle Ooh Aah Just a Little Bit
9%
Jada S Hudson vs Kaos Stranger In My House
9%
Icesis Couture vs Oceane Aqua Black Stupid Shit
9%
Roxxxy Andrews vs Plastique Tiara Super Freaky Girl
9%
Kitten Kaboodle vs The Girlfriend Experience Tongue
9%
Megami vs Q What About
9%
Tayce vs Awhora You Don't Have to say You Love Me
9%
Krystal vs Kitty vs Ella You Dont Own Me
9%
Plane Jane vs Q Better Be Good To Me
4%
Tia Kofi vs Hannah Conda Crying at the Discoteque
4%
Miss Fiercalicious vs Chelazon Dont Call Me Baby
4%
Marina Summers vs Tia Kofi Fucking Wizardry
4%
Synthia Kiss vs Eve 6000 I Love Myself Today
4%
Aurora Matrix vs Denim I’m Not Here To Make Friends
4%
Tomara Thomas vs DeDeLicious Little Bird
4%
Jorgeous vs Shannel Love Come Home
4%
The Vivienne vs Jinkx Monsoon Love Will Save the Day
4%
Aurora Matrix vs Luna DuBois She’s All I Wanna Be
4%
Black Peppa vs Jonbers Blonde Some Kinda Rush
4%
Kitty Scott Claus vs Ella Vaday Something New
4%
Melinda Verga vs Kitten Kaboodle That Don’t Impress Me Much
4%
Venus vs Aurora Matrix Try
4%
Venus vs Kiki Coe Uninvited
4%
Ginger Johnson vs Michael Marouli A Little Respect
0%
Gisele Lulaby vs Jada S Hudson A New Day has Come
0%
Tia Kofi vs La Grande Dame Boogie 2Nite
0%
Aurora Matrix vs Melinda Verga Boys Wanna Be Her
0%
Silky NG vs Rita Baga Broken Bones
0%
Marina Summers vs La Grande Dame Dreamer
0%
Venus vs Denim Feel It In My Bones
0%
Nearah Nuff vs Aimee Yonce Shannel Fever Dreamer
0%
Scarlet Envy vs Tia Kofi Future Starts Now
0%
DeDeLicious vs Vicki Vivacious Heartbreak On Hold
0%
Kendall Gender vs Synthia Kiss Heaven
0%
Nearah Nuff vs Melinda Verga I Didn’t Come Here Just To Dance
0%
Vanity Milan vs Veronica Green I Got the Music In Me
0%
Luna DuBois vs Sisi Superstar I’m With You
0%
Gisele Lulaby vs Irma Gerd Love Is
0%
Pixie Polite vs Dakota Schiffer Miss Me Blind
0%
Nearah Nuff vs Venus Pull Up
0%
Cara Melle vs Tomara Thomas Remember
0%
Flor vs Rita Menu Secrets
0%
Denim vs Kiki Coe Seven Day Fool
0%
Irma Gerd vs Bombae Table Dancer
0%
Cara Melle vs Miss Naomi Carter The Only Way Is Up
0%
DeDeLicious vs Kate Butch This Hell
0%
Danny Beard vs Cheddar Gorgeous This Is My Life
0%
Black Peppa vs Copper Topp This Is Real
0%
Morphine Love Dion vs Mirage This Time I Know Its Real
0%
Tia Kofi vs Lawrence Chaney Touch ME
0%
Michael Marouli vs Cara Melle Touch Me
0%
Victoria Scone vs Silky NG Your Daddy Don't Know
0%
Priyanka vs Scarlett vs Rita You're a Superstar
0%
No matching quizzes found
Score Distribution
Percent of People with Each Score
Percentile by Number Answered
Your Score History
You have not taken this quiz since the last reset